LEADER 00949nam a2200229 i 4500 001 000000064922 003 CaOOAMICUS 005 20130427000000.0 008 130427s1948 xx u000 u fre u 013 $a36094 040 $aSeMil$bita 100 1 $aFlorovsky, Georgij Vasilievich.$0(OLS)http://semarc/name/32677 245 13$aLa Sainte Église Universelle :$bConfrontation oecuménique /$cG. Florovsky ... [et al.]. 260 $aNeuchatel ; Paris :$bDelachaux et Niestlé,$c1948. 300 $a219 p. ;$c25 cm. 650 4$aEcumenismo.$0(OLS)http://semarc/subject/3071 850 $aSeMil 852 $aSeMil$W1$xVenegono$y1$m2M V 19$j31075$B31075$CSeMilBibl$Z2$F31078 $81 900 1 $aFlorovskij, Georgij. 996 $6245$aLa Sainte Église Universelle :$bConfrontation oecuménique$9(OLS)http://semarc/title/102953 996 $6260$aNeuchatel ; Paris :$bDelachaux et Niestlé$9(OLS)http://semarc/publisher/29822 LEADER 01134nam a2200253 i 4500 001 000000200362 003 CaOOAMICUS 005 20110408000000.0 008 110408n it u000 u ita u 013 $a179060 040 $aSeMil$bita 100 1 $aFirenze .$0(OLS)http://semarc/name/10942 245 10$aFormazione permanente clero :$bcorso su «la famiglia» /$cArcidiocesi di Firenze ; a cura dello Studio Teologico Fiorentino. 260 $a[S.l. :$bs.n.],$c[1980] 300 $aV, 27 p. ;$c24 cm. 490 0 $aQuaderni di formazione permanente del clero ;$vQuaderno n.4 500 $aTitolo da copertina. 710 2 $aStudio Teologico Fiorentino .$0(OLS)http://semarc/name/2414 830 0$aQuaderni di formazione permanente del clero ;$vQuaderno n.4.$0(OLS)http://semarc/title/33257 850 $aSeMil 852 $aSeMil$W1$xVenegono$y1$m5D IX 15/1$j150891$B150891$CSeMilBibl$Z2$F162204 $81 961 $aOmaggio: Altro 996 $6245$aFormazione permanente clero :$bcorso su «la famiglia»$9(OLS)http://semarc/title/289743 996 $6260$a[S.l. :$bs.n.]$9(OLS)http://semarc/publisher/29751